|
|
|
|
| LEADER |
02249nam a2200505 4500 |
| 001 |
978-3-540-69682-7 |
| 003 |
DE-He213 |
| 005 |
20191026111349.0 |
| 007 |
cr nn 008mamaa |
| 008 |
121227s1998 gw | s |||| 0|eng d |
| 020 |
|
|
|a 9783540696827
|9 978-3-540-69682-7
|
| 024 |
7 |
|
|a 10.1007/3-540-69682-2
|2 doi
|
| 040 |
|
|
|d GrThAP
|
| 050 |
|
4 |
|a QD380-388
|
| 072 |
|
7 |
|a PNNP
|2 bicssc
|
| 072 |
|
7 |
|a TEC055000
|2 bisacsh
|
| 072 |
|
7 |
|a PNNP
|2 thema
|
| 082 |
0 |
4 |
|a 541.2254
|2 23
|
| 245 |
1 |
0 |
|a Microencapsulation/Microgels/Iniferters
|h [electronic resource].
|
| 250 |
|
|
|a 1st ed. 1998.
|
| 264 |
|
1 |
|a Berlin, Heidelberg :
|b Springer Berlin Heidelberg :
|b Imprint: Springer,
|c 1998.
|
| 300 |
|
|
|a VII, 247 p. 16 illus.
|b online resource.
|
| 336 |
|
|
|a text
|b txt
|2 rdacontent
|
| 337 |
|
|
|a computer
|b c
|2 rdamedia
|
| 338 |
|
|
|a online resource
|b cr
|2 rdacarrier
|
| 347 |
|
|
|a text file
|b PDF
|2 rda
|
| 490 |
1 |
|
|a Advances in Polymer Science,
|x 0065-3195 ;
|v 136
|
| 505 |
0 |
|
|a Water Soluble Polymersfor Immunoisolation I: Complex Coacervation and Cytotoxicity -- Water Soluble Polymers for Immunoisolation II: Evaluation of Multicomponent Microencapsulation Systems -- Controlled Synthesis of Polymers Using the Iniferter Technique: Developments in Living Radical Polymerization -- Microgels-Intramolecularly Crossünked Macromolecules with a Globular Structure.
|
| 520 |
|
|
|a -.
|
| 650 |
|
0 |
|a Polymers .
|
| 650 |
|
0 |
|a Biotechnology.
|
| 650 |
|
0 |
|a Condensed matter.
|
| 650 |
1 |
4 |
|a Polymer Sciences.
|0 http://scigraph.springernature.com/things/product-market-codes/C22008
|
| 650 |
2 |
4 |
|a Biotechnology.
|0 http://scigraph.springernature.com/things/product-market-codes/C12002
|
| 650 |
2 |
4 |
|a Condensed Matter Physics.
|0 http://scigraph.springernature.com/things/product-market-codes/P25005
|
| 710 |
2 |
|
|a SpringerLink (Online service)
|
| 773 |
0 |
|
|t Springer eBooks
|
| 776 |
0 |
8 |
|i Printed edition:
|z 9783662147535
|
| 776 |
0 |
8 |
|i Printed edition:
|z 9783662147528
|
| 776 |
0 |
8 |
|i Printed edition:
|z 9783540640158
|
| 830 |
|
0 |
|a Advances in Polymer Science,
|x 0065-3195 ;
|v 136
|
| 856 |
4 |
0 |
|u https://doi.org/10.1007/3-540-69682-2
|z Full Text via HEAL-Link
|
| 912 |
|
|
|a ZDB-2-CMS
|
| 912 |
|
|
|a ZDB-2-BAE
|
| 950 |
|
|
|a Chemistry and Materials Science (Springer-11644)
|